| 000 | 01216nam a2200301 4500 | ||
|---|---|---|---|
| 001 | 0000012618 | ||
| 003 | CO-CtgCURN | ||
| 005 | 20250331185213.0 | ||
| 007 | ta | ||
| 008 | 160627s1996 000 0 eng d | ||
| 020 | _a8479032200 | ||
| 040 |
_aCO-CtgCURN _bspa _ccoctgcurn |
||
| 082 | 0 |
_a616.079 _bR34i |
|
| 100 | 1 | _aRegueiro, José R. | |
| 245 | 1 | 0 |
_aInmunología biología y patología del sistema inmune / _cJosé R. Regueiro , Carlos López Larrea. |
| 260 |
_aBarcelona : _bMedica Panamericana, _c1996. |
||
| 300 | _a178 p. | ||
| 336 | _2rdacontent | ||
| 337 |
_2rdamedia _asin mediacion _bn |
||
| 338 |
_2rdacarrier _avolumen _bnc |
||
| 500 | _aIncluye indice Analitico. | ||
| 505 | 8 | _aLinfocitos B y t--Alergias.--Anticuerpos.--Inmunodeficiencias.--Citocinas.--Aloinmunidad.--Moleculas CD.--La inmunología se ocupa de los mecanismos de defensa frente a las infecciones inmunidad innta y adquirida.--El exceso o defecto de la inmunidad causa enfermedades alergia, autoinmunidad | |
| 650 | 1 | 4 |
_aInmunología _vEnseñanza. |
| 700 | 1 | _aLópez Larrea, Carlos. | |
| 908 | _a160627 | ||
| 942 |
_cBK _h616.079 _iR34i _2ddc |
||
| 999 |
_c22762 _d22762 |
||